|
|
|
|
| LEADER |
00752nas a2200193 i 4500 |
| 001 |
acta42332 |
| 005 |
20260224081030.0 |
| 008 |
170530s2011 hu o 000 hun d |
| 022 |
|
|
|a 1417-3875
|
| 040 |
|
|
|a SZTE Egyetemi Kiadványok Repozitórium
|b hun
|
| 041 |
|
|
|a hun
|
| 100 |
1 |
|
|a Fang Zheng
|
| 245 |
1 |
0 |
|a Existence of almost periodic solution for SICNN with a neutral delay
|h [elektronikus dokumentum] /
|c Fang Zheng
|
| 260 |
|
|
|c 2011
|
| 300 |
|
|
|a 1-12
|
| 490 |
0 |
|
|a Electronic journal of qualitative theory of differential equations
|
| 695 |
|
|
|a Majdnem periodikus megoldások, Fixpont-elmélet, Neurális hálózatok gátlása
|
| 700 |
0 |
1 |
|a Yang Yongqing
|e aut
|
| 856 |
4 |
0 |
|u http://acta.bibl.u-szeged.hu/42332/1/ejqtde_2011_030_001-012.pdf
|z Dokumentum-elérés
|